01166nam a2200289Ia 4500001001200000003000800012006001900020007001500039008004100054020001800095020002600113040002100139035002100160050002400181100002700205245014600232260004700378300001300425504004100438533015200479650002600631650002100657650002600678655002900704710001700733856012600750ebr10608744CaPaEBRm u cr cn|||||||||121015s2012 cm sb 000 0 eng d z9789956727315 z9789956728978 (ebook) aCaPaEBRcCaPaEBR a(OCoLC)82086018414aBF1566b.S26 2012eb1 aMbunwe-Samba, Patrick.10aWitchcraft, magic and divinationh[electronic resource] :baccounts from the wimbum area of the Cameroon grassfields /cPatrick Mbunwe Samba. aBamenda, Cameroon :bLangaa RPCIG,cc2012. ax, 96 p. aIncludes bibliographical references. aElectronic reproduction.bPalo Alto, Calif. :cebrary,d2011.nAvailable via World Wide Web.nAccess may be limited to ebrary affiliated libraries. 0aWitchcraftzCameroon. 0aMagiczCameroon. 0aDivinationzCameroon. 7aElectronic books.2local2 aebrary, Inc.40uhttp://site.ebrary.com/lib/rucke/Doc?id=10608744zAn electronic book accessible through the World Wide Web; click to view